[Event "IECC M1-2014.T015"]
[Site "IECC email"]
[Date "2014.05.06"]
[Round "?"]
[White "Laliga, Olivier"]
[Black "Martin, Dennis"]
[Result "1-0"]
[WhiteElo "1787"]
[BlackElo "1804"]
[PlyCount "117"]
[EventDate "2014.??.??"]
[EventType "match (corr)"]
[EventRounds "2"]
[SourceTitle "Corr 2020"]
[Source "ChessBase"]
[SourceDate "2019.09.30"]
[SourceVersion "1"]
[SourceVersionDate "2019.09.30"]
[SourceQuality "1"]
[WhiteTeam "France"]
[BlackTeam "United States"]
[WhiteTeamCountry "FRA"]
[BlackTeamCountry "USA"]

1. b3 e5 2. Bb2 Nc6 3. e3 Nf6 4. Nf3 e4 5. Ne5 Nxe5 6. Bxe5 d5 7. c4 Ng4 8. Bg3 d4 9. h3 Nf6 10. exd4 Qxd4 11. Nc3 c6 12. Qe2 Bf5 13. Qe3 Bc5 14. Rb1 a5 15. Be2 Rd8 16. Rd1 0-0 17. 0-0 h6 18. Na4 Bb4 19. Bc7 Rd7 20. a3 Bxd2 21. Qxd4 Rxd4 22. Bb6 Rd6 23. Bc5 Rdd8 24. g4 Bg6 25. Kg2 Rfe8 26. Bb6 Rd6 27. Be3 Red8 28. Bc5 h5 29. Bxd6 Rxd6 30. Nc5 b6 31. Na4 hxg4 32. hxg4 b5 33. Nc5 a4 34. Kg3 b4 35. bxa4 bxa3 36. a5 e3 37. a6 Bc2 38. a7 Rd8 39. fxe3 Bxd1 40. Rxd1 g5 41. Rxd2 Ra8 42. Bf3 Rxa7 43. Ra2 Kg7 44. Nd3 Ra4 45. Ne5 c5 46. Bc6 Ra7 47. Kf3 Ra5 48. Nd3 Kf8 49. Bb5 Ne8 50. Nxc5 Nd6 51. Nb3 Ra8 52. Nd4 Ra5 53. e4 f6 54. Nc6 Ra8 55. Ke3 Kf7 56. Kd4 Kf8 57. e5 fxe5+ 58. Nxe5 Ke7 59. Bc6 1-0